| 000 | 00382nam a22001457a 4500 | ||
|---|---|---|---|
| 020 | _a8174901299 | ||
| 082 |
_a808.831 _bSAR _cN-1, P-47 |
||
| 100 |
_aSarkar, S.M _946822 |
||
| 245 |
_aFamous stories for children _cSarkar, S.M |
||
| 260 |
_aIndia _bDhingra |
||
| 300 |
_a24 p. _bill. _c25 cm |
||
| 526 |
_a0 _b0 _c0 _d808_831000000000000_SAR |
||
| 650 |
_aNUST _96342 |
||
| 942 |
_2ddc _cBK |
||
| 999 |
_c550173 _d550173 |
||